000
00308nam a2200097Ia 4500
082
_a
658.3112|BOON
245
0
_a
Hiring employees : principles and practices
100
_a
Boonzaaier, E., Pretoria, South Africa, [2013] 3rd edition
_9
49868
942
_c
BK
008
210817s9999 xx 000 0 und d
999
_c
161092
_d
161091